Bamboo and the greenwood tree

Tallennettuna:
Bibliografiset tiedot
Päätekijä: Bernad, Miguel A.
Aineistotyyppi: Kirja
Kieli:Undetermined
Julkaistu: Manila Bookmark 1961
Aiheet:
Tagit: Lisää tagi
Ei tageja, Lisää ensimmäinen tagi!
Thư viện lưu trữ: Trung tâm Học liệu Trường Đại học Cần Thơ
LEADER 00521nam a2200193Ia 4500
001 CTU_92837
008 210402s9999 xx 000 0 und d
082 |a 820.9 
082 |b B517 
100 |a Bernad, Miguel A. 
245 0 |a Bamboo and the greenwood tree 
245 0 |c Miguel A. Bernad 
260 |a Manila 
260 |b Bookmark 
260 |c 1961 
650 |a Philippine literature (english) 
650 |x History and criticism 
904 |i Tuyến 
980 |a Trung tâm Học liệu Trường Đại học Cần Thơ